Comédie française au box office par image - Statistiques

Statistiques générales
  • Ce quiz a été pris 189 fois
  • Le résultat moyen est 14 sur 20
Statistiques - réponses
Par images Réponse % Correct
Astérix et Obélix : Mission Cléopâtre
94%
Les Visiteurs
93%
Qu'est-ce qu'on a fait au Bon Dieu ?
93%
Bienvenue chez les Ch'tis
92%
Le Dîner de cons
91%
Intouchables
88%
Taxi 2
87%
Un p'tit truc en plus
84%
La Grande Vadrouille
83%
Les Bronzés 3 : Amis pour la vie
78%
Un Indien dans la ville
70%
La Guerre des Boutons
65%
Le Gendarme de Saint Tropez
56%
Le Corniaud
54%
Rien à déclarer
54%
La vérité si je mens 2
51%
Trois Hommes et un couffin
35%
Astérix et Obélix contre César
34%
Le Petit Monde de Don Camillo
34%
La Vache et le Prisonnier
26%
Aucun quiz correspondant
Distribution des résultats
% des personnes avec chaque résultat
Percentile par nombre de réponses
Votre historique - résultats
Vous n’avez pas pris ce quiz